| 000 | 00000nam##2200000za#4500 |
| 001 | 9.614396 |
| 003 | CaOODSP |
| 005 | 20220111083441 |
| 007 | ta |
| 008 | 150406|1998||||xxc||||| f|0| 0 eng|d |
| 020 | |a0-662-26864-4 |
| 022 | |a1713-0638 |
| 040 | |aCaOODSP|beng |
| 043 | |an-cn--- |
| 086 | 1 |aNE22-1/1998-3E |
| 110 | 1 |aCanada. |bNational Energy Board. |
| 245 | 10|aInterprovincial Pipe Line Inc. : |bapplication dated 2 December 1997, as amended, for the Terrace Phase I expansion program |
| 260 | |aCalgary - Alberta : |bNational Energy Board |c1998. |
| 300 | |a40p. : |bgraphs, tables ; |c28 cm. |
| 490 | 1 |aReasons for decision|x1713-0638|vJune 1998 |
| 563 | |aSoftcover |
| 590 | |a98-26|b1998-06-26 |
| 775 | 08|tPipeline Interprovincial Inc. : |w(CaOODSP)9.624744 |
| 776 | 0#|tReasons for decision in the matter of Interprovincial Pipe Line Inc. : |w(CaOODSP)9.572543 |
| 830 | #0|aReasons for decision (Canada. National Energy Board)|x1713-0638|vJune 1998|w(CaOODSP)9.514808 |
| 986 | |aOH-1-98 |